000 00844cam a22002653a 4500
001 3000
003 PGUSA
005 20140828083024.0
008 011201s2001||||xxu|||||s|||||000 1 eng d
040 _aPGUSA
_beng
042 _adc
050 4 _aPQ
100 1 _aProust, Marcel,
_d1871-1922
245 1 2 _aA l'ombre des jeunes filles en fleurs — Troisième partie
_h[electronic resource] /
_cMarcel Proust
260 _bProject Gutenberg,
_c2001
500 _aA la recherche du temps perdu, Tome II
506 _aPublic domain in the USA.
516 _aElectronic text
653 _aVillages -- France -- Fiction
653 _aFrance -- Social life and customs -- 19th century -- Fiction
653 _aAutobiographical fiction
830 0 _aProject Gutenberg
_v3000
856 4 0 _uhttp://www.gutenberg.org/ebooks/3000
942 _cEB
999 _c232330
_d232330